Revised working plan for the Santhal Parganas Division, 1955-56 to 1964-65. (Record no. 87178)

MARC details
000 -LEADER
fixed length control field 01070cam a2200277 4500
001 - CONTROL NUMBER
control field sa 68016561
003 - CONTROL NUMBER IDENTIFIER
control field DLC
005 - DATE AND TIME OF LATEST TRANSACTION
control field 20260227112655.0
008 - FIXED-LENGTH DATA ELEMENTS--GENERAL INFORMATION
fixed length control field 700810s1963 ii a 000 0 eng
010 ## - LIBRARY OF CONGRESS CONTROL NUMBER
LC control number sa 68016561
025 ## - OVERSEAS ACQUISITION NUMBER
Overseas acquisition number PL480:I-E-9608
040 ## - CATALOGING SOURCE
Original cataloging agency DLC
Transcribing agency DLC
Modifying agency DLC
043 ## - GEOGRAPHIC AREA CODE
Geographic area code a-ii---
050 00 - LIBRARY OF CONGRESS CALL NUMBER
Classification number SD88.B4
Item number A44 1963e
082 00 - DEWEY DECIMAL CLASSIFICATION NUMBER
Classification number 634.9/28/095412
110 1# - MAIN ENTRY--CORPORATE NAME
Corporate name or jurisdiction name as entry element Bihar, India (State).
Subordinate unit Forest Department.
-- Working Plans Division.
-- Northern Circle.
245 10 - TITLE STATEMENT
Title Revised working plan for the Santhal Parganas Division, 1955-56 to 1964-65.
Statement of responsibility, etc. Compiled by B. N. Prasad, Working Plans Officer, Northern Circle, under the direction of the Chief Conservator of Forests, Bihar.
260 ## - PUBLICATION, DISTRIBUTION, ETC.
Place of publication, distribution, etc. Patna,
Name of publisher, distributor, etc. Printed by the Superintendent, Secretariat Press, Bihar,
Date of publication, distribution, etc. 1963.
300 ## - PHYSICAL DESCRIPTION
Extent v, 2, ii, 5, 162 p.
Other physical details illus.
Dimensions 30 cm.
350 ## - PRICE (NR) (BK AM CF MU VM SE) [OBSOLETE]
Price 10.50
500 ## - GENERAL NOTE
General note Cover title.
650 #0 - SUBJECT ADDED ENTRY--TOPICAL TERM
Topical term or geographic name entry element Forests and forestry
Geographic subdivision India
-- Bihar (State)
650 #0 - SUBJECT ADDED ENTRY--TOPICAL TERM
Topical term or geographic name entry element Forest management.
700 1# - ADDED ENTRY--PERSONAL NAME
Personal name Prasad, Baidya Nath,
Dates associated with a name 1915-
710 1# - ADDED ENTRY--CORPORATE NAME
Corporate name or jurisdiction name as entry element Bihar, India (State).
Subordinate unit Forest Department.

No items available.

Powered by Koha